Loading...
| Fine Arts - Auditory Fine Arts | 4 | 15.00 | 100% | 50% | 0% |
| Fine Arts - Other Fine Arts | 2 | 15.00 | 50% | 100% | 0% |
| Fine Arts - Visual Fine Arts | 3 | 13.33 | 100% | 33% | 0% |
| History - American History | 8 | 12.50 | 100% | 13% | 13% |
| History - European History | 4 | 10.00 | 75% | 25% | 0% |
| History - Other History | 2 | 10.00 | 100% | 0% | 0% |
| History - World History | 3 | 10.00 | 100% | 0% | 0% |
| Literature - American Literature | 3 | 13.33 | 100% | 33% | 0% |
| Literature - British Literature | 6 | 10.00 | 83% | 17% | 0% |
| Literature - European Literature | 2 | 20.00 | 100% | 100% | 0% |
| Literature - World Literature | 7 | 14.29 | 86% | 57% | 0% |
| Mythology | 5 | 10.00 | 80% | 20% | 0% |
| Philosophy | 3 | 16.67 | 100% | 67% | 0% |
| Popular Culture | 1 | 20.00 | 100% | 0% | 100% |
| Religion | 3 | 13.33 | 67% | 33% | 33% |
| Science - Biology | 3 | 10.00 | 100% | 0% | 0% |
| Science - Chemistry | 1 | 10.00 | 100% | 0% | 0% |
| Science - Other Science | 5 | 18.00 | 100% | 60% | 20% |
| Science - Physics | 4 | 5.00 | 50% | 0% | 0% |
| Social Science | 2 | 10.00 | 100% | 0% | 0% |